Luật tục các dân tộc thiểu số Việt Nam

Nội dung sách gồm 2 phần chính. Phần 1: Dẫn luận. Phần 2: Luật tục các dân tộc thiểu số Việt Nam.

Đã lưu trong:
书目详细资料
主要作者: Phan, Đặng Nhật
格式: 图书
语言:Undetermined
出版: Hà Nội Khoa học - Xã hội 2014
主题:
标签: 添加标签
没有标签, 成为第一个标记此记录!
Thư viện lưu trữ: Trung tâm Học liệu Trường Đại học Cần Thơ
LEADER 00883nam a2200205Ia 4500
001 CTU_209847
008 210402s9999 xx 000 0 und d
082 |a 390.09597 
082 |b Nh124/Q.1 
100 |a Phan, Đặng Nhật 
245 0 |a Luật tục các dân tộc thiểu số Việt Nam 
245 0 |c Phan Đặng Nhật (Chủ biên) ; Phan Lan Hương, Lê Thị Phượng (Biên soạn) 
260 |a Hà Nội 
260 |b Khoa học - Xã hội 
260 |c 2014 
520 |a Nội dung sách gồm 2 phần chính. Phần 1: Dẫn luận. Phần 2: Luật tục các dân tộc thiểu số Việt Nam. 
650 |a Phong tục tập quán,Manners and customs 
650 |z Việt Nam,Vietnam 
904 |i Trương Thủy Ly,Hải 
980 |a Trung tâm Học liệu Trường Đại học Cần Thơ